Statistics for E5(道央道など)のIC

Click here to take the quiz!

General Stats

  • This quiz has been taken 36 times
    (34 since last reset)
  • The average score is 48 of 72

Answer Stats

HintAnswers% Correct
SA岩見沢
93%
IC岩見沢
93%
IC札幌
93%
IC
93%
JCT札幌
93%
IC滝川
93%
JCT深川
93%
IC北広島
93%
IC深川
93%
IC/JCT函館
86%
IC室蘭
86%
SA/SIC砂川
86%
IC恵庭
86%
IC千歳
86%
IC新千歳空港
86%
IC苫小牧西
86%
IC白老
86%
IC大沼公園
86%
IC美唄
86%
PA八雲
86%
IC八雲
86%
IC伊達
79%
IC士別剣淵
79%
IC三笠
79%
IC江別西
79%
IC旭川鷹栖
79%
IC長万部
79%
IC/JCT苫小牧東
79%
IC豊浦
79%
JCT黒松内
79%
PA野幌
71%
IC名寄
71%
JCT千歳恵庭
71%
IC苫小牧中央
71%
JCT比布
71%
IC和寒
71%
PA豊浦噴火湾
64%
PA/SIC輪厚
64%
IC国縫
64%
IC虻田洞爺湖
64%
IC旭川北
64%
IC江別東
64%
SA有珠山
64%
IC奈井江砂川
57%
IC美深
57%
PA比布大雪
57%
IC美深北
57%
IC幌延
57%
IC札幌南
57%
PA茶志内
57%
IC登別室蘭
57%
IC大谷地
57%
IC落部
57%
SA樽前
57%
IC智恵文
50%
IC智恵文南
50%
IC名寄北
50%
IC豊富北
50%
IC登別東
50%
IC北郷
43%
PA音江
43%
IC豊富サロベツ
43%
IC豊富サロベツ
43%
PA富浦
36%
PA静狩
36%
PA萩野
36%
PA美沢
36%
IC七飯藤城
36%
PA本輪西展望所
36%
IC豊富幌加
29%
IC七飯大川
21%
IC七飯本町
21%

Score Distribution

Percentile by Number Answered

Percent of People with Each Score

Your Score History

You have not taken this quiz since the last reset